Finlandina janapada vidvamsaru. sahasramanada janapada : 12. (Record no. 105166)
[ view plain ]
| 000 -LEADER | |
|---|---|
| fixed length control field | 00810nam a2200205Ia 4500 |
| 003 - CONTROL NUMBER IDENTIFIER | |
| control field | OSt |
| 005 - DATE AND TIME OF LATEST TRANSACTION | |
| control field | 20260608090821.0 |
| 008 - FIXED-LENGTH DATA ELEMENTS--GENERAL INFORMATION | |
| fixed length control field | 210210b2001 xxu||||| |||| 00| 0 eng d |
| 040 ## - CATALOGING SOURCE | |
| Transcribing agency | AL |
| 041 ## - LANGUAGE CODE | |
| Language code of text/sound track or separate title | Kannada |
| 082 ## - DEWEY DECIMAL CLASSIFICATION NUMBER | |
| Classification number | 398.092K SHAF |
| 100 ## - MAIN ENTRY--PERSONAL NAME | |
| Personal name | SHANKARANARAYANA (Ti Nam). |
| Dates associated with a name | ಶಂಕರನಾರಾಯಣ (ತಿ. ನಂ.) |
| 9 (RLIN) | 265447 |
| 245 ## - TITLE STATEMENT | |
| Title | Finlandina janapada vidvamsaru. sahasramanada janapada : 12. |
| Remainder of title | ಫಿನ್ಲೆಂಡಿನ ಜಾನಪದ ವಿದ್ವಾಂಸರು. ಸಹಸ್ರಮಾನದ ಜಾನಪದ |
| 260 ## - PUBLICATION, DISTRIBUTION, ETC. | |
| Place of publication, distribution, etc. | Bengaluru. |
| Name of publisher, distributor, etc. | Karnataka Janapada mattu Yakshagana Akademi., |
| Date of publication, distribution, etc. | 2001 |
| 300 ## - PHYSICAL DESCRIPTION | |
| Extent | 220 |
| 650 ## - SUBJECT ADDED ENTRY--TOPICAL TERM | |
| Topical term or geographic name entry element | ಜಾನಪದ | ಜೀವನಚರಿತ್ರೆ (Janapada | Biography) |
| 9 (RLIN) | 265450 |
| 690 ## - LOCAL SUBJECT ADDED ENTRY--TOPICAL TERM (OCLC, RLIN) | |
| Topical term or geographic name as entry element | Biography |
| 9 (RLIN) | 265449 |
| 906 ## - LOCAL DATA ELEMENT F, LDF (RLIN) | |
| a | 057754 |
| 942 ## - ADDED ENTRY ELEMENTS (KOHA) | |
| Source of classification or shelving scheme | Dewey Decimal Classification |
| Koha item type | Book |
| Withdrawn status | Lost status | Damaged status | Not for loan | Collection code | Home library | Current library | Shelving location | Date acquired | Source of acquisition | Cost, normal purchase price | Total Checkouts | Full call number | Barcode | Date last seen | Price effective from | Koha item type |
|---|---|---|---|---|---|---|---|---|---|---|---|---|---|---|---|---|
| St Aloysius Library | St Aloysius Library | 02/17/2021 | Karnataka Janapada Akademi, Bengaluru. | 150.00 | 398.092K SHAF | 057754 | 02/17/2021 | 02/17/2021 | Book |